| 000 | 00677nam a2200193 i 4500 | ||
|---|---|---|---|
| 001 | 60717 | ||
| 003 | ES-MaACL | ||
| 005 | 20230906164306.0 | ||
| 007 | t| | ||
| 008 | 031106s1982 sp ||||1| spa d | ||
| 100 | 1 |
_aEspinosa, Manuel de. _947891 |
|
| 245 | 1 | 0 |
_aOración panegírica de San Jorge martyr que... predicó... / _cManuel de Espinosa ; [edición de Guillermo Fatas, Guillermo Redondo]. |
| 260 |
_a[Zaragoza : _bAyuntamiento de Zaragoza, _c1982] |
||
| 300 |
_a44 p., 9 lám. ; _c22 cm. |
||
| 500 | _aZaragoza, Francisco Moreno, 1779. | ||
| 700 | 0 |
_aFatas Cabeza, Guillermo. _948927 |
|
| 700 | 1 |
_aRedondo, Guillermo. _995816 |
|
| 852 |
_aES-MaACL _jL-2617 _bR.103244 |
||
| 999 |
_c60717 _d60717 |
||